Ευρωπαική οικονομική και νομισματική ένωση

Αποθηκεύτηκε σε:
Λεπτομέρειες βιβλιογραφικής εγγραφής
Κύριος συγγραφέας: Αλεξάκης, Παναγιώτης
Μορφή: Βιβλίο
Γλώσσα:Greek
Δημοσίευση: Αθήνα : Σάκκουλας, 1994
Θέματα:
Ετικέτες: Προσθήκη ετικέτας
Δεν υπάρχουν, Καταχωρήστε ετικέτα πρώτοι!

MARC

LEADER 00000cam a2200000 i 4500
001 1/52260
008 960506s1994 gre d
020 |a 960-232-227-6 
035 |l 10027310 
040 |a GR-MY-UA  |b gre  |e aacr 
041 0 |a gre 
082 0 |a 332.109495 
100 1 |a Αλεξάκης, Παναγιώτης. 
245 1 0 |a Ευρωπαική οικονομική και νομισματική ένωση /  |c Παναγιώτης Αλεξάκης 
260 |a Αθήνα :   |b Σάκκουλας,   |c 1994 
300 |a 430 σ. 
500 |a Περιλαμβάνει βιβλιογραφία 
650 0 0 |a Monetary policy  |z European Economic Community countries. 
650 0 0 |a Banks and banking. 
852 |a INST  |b CHIOS  |e 19960506  |h 332.109495 ΑΛΕ  |p 005200000259  |q 005200000259  |t BK  |y 0 
852 |a INST  |b RHODES  |e 20020121  |h 332.109495 ΑΛΕ  |p 005400016752  |q 005400016752  |t BK  |y 0 
901 |a BIBL4-2002-1 
909 |a Χ  |b 042761 
909 |a Ρ  |b 085204